School feeding : its contribution to child nutrition /

Bibliographic Details
Corporate Author: Food and Agriculture Organization of the United Nations. Secretariat. Nutrition Division
Other Authors: Scott, Marjorie L.
Format: Book
Language:English
Published: Rome : Food and Agriculture Organization of the United Nations, 1953.
Series:FAO nutritional studies ; no. 10.
Subjects:

MARC

Tag First Indicator Second Indicator Subfields
LEADER 00000cam a2200000 4500
001 in00000094848
005 20150927110553.0
008 760316s1953 it i00000 eng
010 |a  54009530  
035 |a (OCoLC)02052031 
035 |9 AAL6724AM 
040 |a DLC  |c CHS  |d CHS  |d TXA  |d UtOrBLW 
049 |a TXAM  |c [321763] 
090 |a TX341  |b .F68 no. 10 
110 2 |a Food and Agriculture Organization of the United Nations.  |b Secretariat.  |b Nutrition Division. 
245 1 0 |a School feeding :  |b its contribution to child nutrition /  |c by Marjorie L. Scott, nutrition officer, Nutrition Division. 
264 1 |a Rome :  |b Food and Agriculture Organization of the United Nations,  |c 1953. 
300 |a v, 129 pages :  |b illustrations ;  |c 23 cm. 
336 |a text  |b txt  |2 rdacontent 
337 |a unmediated  |b n  |2 rdamedia 
338 |a volume  |b nc  |2 rdacarrier 
490 1 |a FAO nutritional studies, no. 10 
650 0 |a School children  |x Food. 
700 1 |a Scott, Marjorie L. 
830 0 |a FAO nutritional studies ;  |v no. 10. 
999 |a MARS 
999 f f |s 79c24861-c9a7-3374-b773-824d8ddcef45  |i 32d77501-f6f7-35c6-8f86-87863b40b907  |t 0 
952 f f |p normal  |a Texas A&M University  |b College Station  |c Sterling C. Evans Library  |d Evans: Library Stacks  |t 0  |e TX341 .F68 no.9-14  |h Library of Congress classification  |i unmediated -- volume  |m A14805669945 
952 f f |a Texas A&M University  |b College Station  |c Sterling C. Evans Library  |d Evans: Library Stacks  |t 0  |e TX341 .F68 no.9-14  |h Library of Congress classification 
998 f f |a TX341 .F68 no.9-14  |t 0  |l Evans: Library Stacks